|
|
|
|
| LEADER |
00000naa a2200000uu 4500 |
| 001 |
vtls011049963 |
| 003 |
SK-MaSNL |
| 005 |
20260302142706.0 |
| 008 |
210904|2006 xo |||||||||||||||||slo| |
| 015 |
|
|
|a SNBRA
|
| 035 |
|
|
|a (urnnbn)urn:nbn:sk:snk:ar-009766
|
| 035 |
|
|
|a (uuid)8dec6530-198b-42aa-ba24-665ff8ab62da
|
| 035 |
|
|
|a urn:nbn:sk:snk-aav0nl
|
| 040 |
|
|
|a SNKBUCL
|b slo
|c SNKBUCL
|e AACR2
|
| 041 |
0 |
|
|a slo
|
| 044 |
|
|
|a xo
|c SK
|
| 100 |
1 |
|
|a Bérešová, Jana,
|d 1959-
|4 aut
|9 27855
|
| 245 |
1 |
0 |
|a Tvorivé písanie a jeho miesto v učebných osnovách, vzdelávacích štandardoch a cieľových požiadavkách pre anglický jazyk
|c Jana Bérešová
|
| 773 |
0 |
|
|t Zborník zo Sympózia o tvorivom písaní
|d Bratislava : Metodicko-pedagogické centrum Bratislavského kraja v Bratislave, 2006
|g S. 61-66
|z 8071644099
|
| 958 |
|
|
|a OND
|
| 958 |
|
|
|a article12
|
| 958 |
|
|
|a chapter
|
| 999 |
|
|
|c 1340366
|d 1342296
|